The global situation /
Se discute el concepto de lo global y la forma en que las ciencias sociales deberían abordarlo. En ese sentido, se plantean tres dimensiones de análisis: primero, se examina el carisma del llamado globalismo en las ciencias sociales y la forma en que los investigadores pueden consciente o inconscien...
Gespeichert in:
| 1. Verfasser: | |
|---|---|
| Format: | Text |
| Schlagworte: | |
| Tags: |
Tag hinzufügen
Keine Tags, Fügen Sie den ersten Tag hinzu!
|
MARC
| LEADER | 00000 a a2200000 04500 | ||
|---|---|---|---|
| 001 | 40159 | ||
| 003 | |||
| 040 | |||
| 100 | |a Tsing, Anna | ||
| 245 | |a The global situation / |c Anna Tsing | ||
| 520 | |a Se discute el concepto de lo global y la forma en que las ciencias sociales deberían abordarlo. En ese sentido, se plantean tres dimensiones de análisis: primero, se examina el carisma del llamado globalismo en las ciencias sociales y la forma en que los investigadores pueden consciente o inconscientemente convertirse en defensores de esta visión de mundo con sus trabajos, luego, se revisan trabajos de antropología que reproducen este compromiso al globalismo para sustentar la hipótesis anterior, y finalmente, se plantea cómo las preguntas acerca de las interconexiones globales pueden ser desligadas de los compromisos globalistas más problemáticos para poder ofrecer un análisis más moderado y crítico de la historia y cultura contemporáneas. Se concluye que un abordaje adecuado de lo global requiere que no se haga una distinción a priori entre fuerzas globales y posiciones locales, que se investiguen los nuevos fenómenos sin asumir necesariamente que los mismos tienen alcance universal, y que los globalismos sean abordados como un grupo de proyectos interconectados pero no homogéneos. | ||
| 590 | |a EFU/OCTUBRE2010 | ||
| 650 | |a 1.GLOBALIZACION | ||
| 650 | |a 2.PLURALISMO CULTURAL | ||
| 650 | |a 3.DISCURSOS | ||
| 650 | |a 4.ANTROPOLOGIA | ||
| 650 | |a 5.TEORIA | ||
| 773 | |g páginas 66-98 | ||
| 999 | |c 34487 |d 34487 | ||
